আধুনিকতা ও উত্তরাধুনিকতা / (Record no. 1719)
[ view plain ]
| 000 -LEADER | |
|---|---|
| fixed length control field | 00800nam a2200253 a 4500 |
| 001 - CONTROL NUMBER | |
| JCCL Control Number | 1719 |
| 003 - CONTROL NUMBER IDENTIFIER | |
| JCCL marc code | BD-JhCC |
| 005 - DATE AND TIME OF LATEST TRANSACTION | |
| control field | 20171101084350.0 |
| 008 - FIXED-LENGTH DATA ELEMENTS--GENERAL INFORMATION | |
| fixed length control field | 171023s1994 bg ||||| |||| 00| 0 ben d |
| 020 ## - INTERNATIONAL STANDARD BOOK NUMBER | |
| International Standard Book Number | 9844100356 |
| 035 ## - SYSTEM CONTROL NUMBER | |
| system control number | (BD-JhCC)1719 |
| 040 ## - CATALOGING SOURCE | |
| Original cataloging agency | BD-JhCC |
| Modifying agency | BD-JhCC |
| 041 ## - LANGUAGE CODE | |
| Language code of Book | ben |
| 082 ## - DEWEY DECIMAL CLASSIFICATION NUMBER | |
| Classification number | 891.4409 |
| Author mark and Year | AIU 1994 |
| 100 ## - MAIN ENTRY--PERSONAL NAME | |
| Personal name | আইয়ুব, সালাহউদ্দীন |
| 245 ## - TITLE STATEMENT | |
| Title | আধুনিকতা ও উত্তরাধুনিকতা / |
| Statement of responsibility, etc | সালাহউদ্দীন আইয়ুব |
| 260 ## - PUBLICATION, DISTRIBUTION, ETC. (IMPRINT) | |
| Place of publication, distribution, etc | ঢাকা : |
| Name of publisher, distributor, etc | মাওলা ব্রাদার্স, |
| Date of publication, distribution, etc | 1994. |
| 300 ## - PHYSICAL DESCRIPTION | |
| Pagination | 159 P. : |
| Dimensions | 21 cm. |
| 650 ## - SUBJECT ADDED ENTRY--TOPICAL TERM | |
| Topical term or geographic name as entry element | Bengali literature critical essays |
| 650 ## - SUBJECT ADDED ENTRY--TOPICAL TERM | |
| Topical term or geographic name as entry element | Modernism |
| 650 ## - SUBJECT ADDED ENTRY--TOPICAL TERM | |
| Topical term or geographic name as entry element | Postmodernism |
| 942 ## - ADDED ENTRY ELEMENTS (KOHA) | |
| Source of classification or shelving scheme | Dewey Decimal Classification |
| Koha item type | Books |
| Source of classification or shelving scheme | Damaged status | Not for loan | Home library | Current library | Shelving location | Date of accession | Cost, normal purchase price | Total Checkouts | Full call number | Barcode | Date last seen | Date checked out | Copy number | Koha item type | Source of acquisition |
|---|---|---|---|---|---|---|---|---|---|---|---|---|---|---|---|
| Dewey Decimal Classification | JCC Rouf Library | JCC Rouf Library | General Stacks | 10/23/2017 | 200.00 | 1 | 891.4409 AIU 1994 | 3108 | 04/24/2024 | 04/24/2024 | C-1 | Books | |||
| Dewey Decimal Classification | JCC Rouf Library | JCC Rouf Library | Reference | 10/31/2017 | 125.00 | 891.4409 AIU 1994 | 2967 | 10/31/2017 | C-2 | Books | Jahedee Foundation |